|
|
|
|
| LEADER |
02021nam a2200529 i 4500 |
| 001 |
nkc20172908664 |
| 003 |
CZ PrNK |
| 005 |
20190617140242.0 |
| 007 |
ta |
| 008 |
170718s2017 xr a e f 001 0 cze |
| 015 |
|
|
|a cnb002908664
|
| 020 |
|
|
|a 978-80-271-0477-2
|q (brožováno)
|
| 035 |
|
|
|a (OCoLC)1003287988
|
| 040 |
|
|
|a OLA001
|b cze
|d ABA001
|e rda
|
| 072 |
|
7 |
|a 004.4/.6
|x Programování. Software
|2 Konspekt
|9 23
|
| 080 |
|
|
|a 004.42Excel
|2 MRF
|
| 080 |
|
|
|a 004.67
|2 MRF
|
| 080 |
|
|
|a 004.652
|2 MRF
|
| 080 |
|
|
|a (035)
|2 MRF
|
| 100 |
1 |
|
|a Laurenčík, Marek
|7 ola2006323622
|4 aut
|
| 245 |
1 |
0 |
|a Excel 2016 :
|b práce s databázemi a kontingenčními tabulkami /
|c Marek Laurenčík
|
| 246 |
3 |
0 |
|a Práce s databázemi a kontingenčními tabulkami
|
| 250 |
|
|
|a První vydání
|
| 264 |
|
1 |
|a Praha :
|b Grada,
|c 2017
|
| 300 |
|
|
|a 144 stran :
|b ilustrace ;
|c 24 cm
|
| 336 |
|
|
|a text
|b txt
|2 rdacontent
|
| 337 |
|
|
|a bez média
|b n
|2 rdamedia
|
| 338 |
|
|
|a svazek
|b nc
|2 rdacarrier
|
| 490 |
1 |
|
|a Průvodce
|
| 500 |
|
|
|a Obsahuje rejstřík
|
| 650 |
0 |
7 |
|a Microsoft Excel 2016 (software)
|7 ph932527
|2 czenas
|
| 650 |
0 |
7 |
|a tabulkové procesory
|7 ph116391
|2 czenas
|
| 650 |
0 |
7 |
|a databáze
|7 ph114295
|2 czenas
|
| 650 |
0 |
9 |
|a Microsoft Excel 2016
|2 eczenas
|
| 650 |
0 |
9 |
|a electronic spreadsheets
|2 eczenas
|
| 650 |
0 |
9 |
|a databases
|2 eczenas
|
| 655 |
|
7 |
|a příručky
|7 fd133209
|2 czenas
|
| 655 |
|
9 |
|a handbooks and manuals
|2 eczenas
|
| 830 |
|
0 |
|a Průvodce (Grada)
|0 s
|
| 910 |
2 |
|
|a BOA001
|b 2-1389.916
|
| 990 |
|
|
|a BK
|
| 995 |
|
|
|a 01
|
| 991 |
|
|
|b 201708
|c NOV
|
| 996 |
6 |
|
|b 2610715251
|c 2-1389.916
|l MZK
|r Sklad / do 1 hodiny
|n 2
|p p.v.
|w 001623963
|u 000010
|a 1
|e BOA001
|j MZK50
|s P
|
| 996 |
7 |
|
|b 2610717176
|c 2-1389.916
|l Vol.výběr
|r VV 0p
|n 25
|p kup
|h 004.6 LAU
|w 001623963
|u 000020
|a 0
|e BOA001
|j MZK50
|s A
|
| 996 |
7 |
|
|b 2610754217
|c 2-1389.916
|l Vol.výběr
|r VV 0p
|n 15
|p kup
|h 004.6 LAU
|w 001623963
|u 000030
|a 0
|e BOA001
|j MZK50
|s A
|
| 996 |
7 |
|
|b 2610786259
|c 2-1389.916
|l Vol.výběr
|r VV 0p
|n 12
|p kup
|h 004.6 LAU
|w 001623963
|u 000040
|a 0
|e BOA001
|j MZK50
|s A
|